Online Public Access Catalogue

Oral Roentgenographic Diagnosis (Record no. 11759)

MARC details
000 -LEADER
fixed length control field 00343nam a22001337a 4500
020 ## - INTERNATIONAL STANDARD BOOK NUMBER
International Standard Book Number 9780721685472
082 ## - DEWEY DECIMAL CLASSIFICATION NUMBER
Classification number 616.31
Author Mark STA
100 ## - MAIN ENTRY--PERSONAL NAME
Author Name Stafne .Edward C
245 ## - TITLE STATEMENT
Title Oral Roentgenographic Diagnosis
260 ## - PUBLICATION, DISTRIBUTION, ETC.
Place of publication, distribution, etc. London
Name of publisher, distributor, etc. W B Saunders
Date of publication, distribution, etc. 1963
300 ## - PHYSICAL DESCRIPTION
No of Pages 429 p;
Dimensions ;20 cm
650 ## - SUBJECT ADDED ENTRY--TOPICAL TERM
Subject Dentistry , General Surgery
942 ## - ADDED ENTRY ELEMENTS (KOHA)
Source of classification or shelving scheme
Koha item type Books
952 ## - LOCATION AND ITEM INFORMATION (KOHA)
-- 2020-02-25
Holdings
Item status Home library Current library Shelving location Date acquired Total Checkouts Full call number Barcode Date last seen Koha item type
  Islamabad Dental Hospital Islamabad Dental Hospital Islamabad Dental Hospital 25/02/2020   616.31 STA D-986 25/02/2020 Books

Copyright @ IMDC Library
Islamabad Medical and Dental College
Bhara Kahu, Islamabad

  Contact the Librarian, IMDC
  Email:: library@imdcollege.edu.pk

  OPAC Customized by
  Mazhar Hussain,
  Librarian:
  Islamabad Medical and Dental College
  Email:: library@imdcollege.edu.pk